|
|
|
|
| LEADER |
00753cam a2200205 a 4500 |
| 001 |
0000085249 |
| 005 |
20070412090000.0 |
| 040 |
|
|
|a mod
|
| 041 |
|
|
|a eng
|
| 020 |
0 |
0 |
|a 0409996777
|
| 090 |
0 |
0 |
|a 347.595
|b AHM
|e 1994
|
| 100 |
1 |
0 |
|a Ahmad Idid bin Syed Abdullah Idid
|f Dato' Syed
|
| 245 |
1 |
0 |
|a Magistrates' Court handbook
|c Dato' Syed Ahmad Idid bin Syed Abdullah Idid, Clement Allan Skinner; research assistant (honorary) Feona Jinu
|
| 260 |
0 |
0 |
|a Kuala Lumpur
|b Malayan Law Journal
|c 1994
|
| 500 |
0 |
0 |
|a Includes index
|
| 650 |
0 |
0 |
|a Justices of the peace
|z Malaysia
|
| 700 |
1 |
1 |
|a Skinner
|h Clement Allan
|
| 700 |
1 |
1 |
|a Jinu
|h Feona
|
| 300 |
|
|
|a pages cm1994
|
| 999 |
|
|
|a 0254487
|b MK Pemerintahan Medan Barat TD
|d BOOKS
|e Rujukan
|f Markas Medan Sg. Besi KL
|j AVAILABLE
|q GOOD CONDITION
|